[Event "Hradec Kralove Region-chT 2223"]
[Site "Czech Republic"]
[Date "2022.11.13"]
[Round "3.4"]
[White "Humlicek, Vojtech"]
[Black "Marak, David"]
[Result "1/2-1/2"]
[WhiteElo "1900"]
[BlackElo "1843"]
[PlyCount "127"]
[EventDate "2022.10.09"]
[EventType "team-tourn"]
[EventRounds "11"]
[EventCountry "CZE"]
[SourceTitle "EXT 2024"]
[Source "ChessBase"]
[SourceDate "2023.10.10"]
[SourceVersion "1"]
[SourceVersionDate "2023.10.10"]
[SourceQuality "1"]

1. e4 c5 2. Nf3 Nc6 3. c3 d5 4. exd5 Qxd5 5. d4 cxd4 6. cxd4 Bg4 7. Be2 e6 8. Nc3 Bb4 9. 0-0 Bxc3 10. bxc3 Nge7 11. Re1 0-0 12. Bb2 Rfd8 13. Nd2 Bxe2 14. Qxe2 Rac8 15. Qg4 Qb5 16. Rab1 Qa4 17. a3 Na5 18. Qd1 Qd7 19. Re3 Nc4 20. Nxc4 Rxc4 21. Rh3 Rdc8 22. Qh5 h6 23. g4 Qd5 24. Qxd5 Nxd5 25. Rc1 Nb6 26. f4 Na4 27. Rb1 b6 28. f5 exf5 29. gxf5 Nxb2 30. Rxb2 Rxc3 31. Kg2 Rxh3 32. Kxh3 Rc3+ 33. Kg4 Rd3 34. Rb4 a5 35. Rc4 Kf8 36. Kf4 Rxa3 37. Ke5 Re3+ 38. Kd6 g6 39. Kc6 gxf5 40. d5 Ke8 41. Kxb6 Kd7 42. Kc5 Re4 43. Rc3 a4 44. Rh3 f4 45. Rxh6 a3 46. Ra6 Re3 47. Ra7+ Kc8 48. Kd4 Kb8 49. Ra5 Kb7 50. h4 Kb6 51. Ra8 Rh3 52. h5 f3 53. Rxa3 f2 54. Ra1 Rxh5 55. Rf1 Rh2 56. Ke5 Kc7 57. Kf4 Rh6 58. Ke5 Rh2 59. Kf4 Rg2 60. Kf3 Rg6 61. Ke4 Rg4+ 62. Ke3 Rg2 63. Kf3 Rg5 64. Ke4 1/2-1/2